"SAMAJASHASTRIY SHIDDHANT AANEE SANSHODHAN PRAKRIYA (Record no. 119258)

MARC details
000 -LEADER
fixed length control field 00316pam a2200133 a 4500
020 ## - INTERNATIONAL STANDARD BOOK NUMBER
Terms of availability
041 ## - LANGUAGE CODE
Language code of original
082 ## - DEWEY DECIMAL CLASSIFICATION NUMBER
Item number KAC
100 ## - MAIN ENTRY--PERSONAL NAME
Personal name KACHOLE, D. D./SALUNKHE,
245 ## - TITLE STATEMENT
Title "SAMAJASHASTRIY SHIDDHANT AANEE SANSHODHAN PRAKRIYA
260 ## - PUBLICATION, DISTRIBUTION, ETC.
Name of publisher, distributor, etc. KAILASH PUBLICATION. AURANGABAD
Date of publication, distribution, etc. 2011
300 ## - PHYSICAL DESCRIPTION
Extent 288
930 ## - EQUIVALENCE OR CROSS-REFERENCE-UNIFORM TITLE HEADING [LOCAL, CANADA]
Uniform title 16659
Holdings
Withdrawn status Lost status Damaged status Not for loan Home library Current library Date acquired Source of acquisition Cost, normal purchase price Total Checkouts Full call number Barcode Date last seen Copy number Price effective from Koha item type
        Abhijit Kadam Institute of Management & Social Science, Solapur Abhijit Kadam Institute of Management & Social Science, Solapur 20/02/2015 KAILASH PUBLICATION 275.00   KAC AKS-V-00038 01/03/2023 300 01/03/2023 Book